Music Quiz

Random Music Quiz

My Top 11 (Produce 101 Season 2) Quiz Stats

 Plays Quiz not verified by Sporcle

Challenge
Share
Tweet
Score 0/11 Timer 05:00
0 Plays Today
% Correct
Ong Seongwoo
93.5%
Kim Jonghyun
92.4%
Kang Daniel
91.3%
Yoo Seonho
90.2%
Park Jihoon ❤
89.7%
Jung Sewoon
85.9%
Im Youngmin
84.8%
Bae Jinyoung
81.5%
Ha Sungwoon
77.2%
Kim Donghyun
69%
Kim Samuel & Lee Daehwi
12.5%

You're not logged in!

Compare scores with friends on all Sporcle quizzes.
OR
Log In

You Might Also Like...

Show Comments

Extras

Top Quizzes Today


Score Distribution

Your Account Isn't Verified!

In order to create a playlist on Sporcle, you need to verify the email address you used during registration. Go to your Sporcle Settings to finish the process.

Report this User

Report this user for behavior that violates our Community Guidelines.

Details: